Nachbarländer der Brasilianischen Bundesstaaten Quiz - Statistiken

Allgemein
  • Dieses Quiz wurde 8 mal gespielt
  • Das Durchschnittsergebnis liegt bei 5 aus 11
Antwortstatistiken
Bundesstaat Nachbarstaat % Korrekt
Santa Catarina Argentinien
100%
Rondonia Bolivien
83%
Mato Grosso Bolivien
83%
Parana Argentinien Paraguay
33%
Rio Grande do Sul Argentinien Uruguay
33%
Amapa Frankreich Suriname
33%
Mato Grosso do Sul Bolivien Paraguay
17%
Acre Bolivien Peru
17%
Para Guyana Suriname
17%
Roraima Guyana Venezuela
17%
Amazonas Kolumbien Peru Venezuela
17%
Keine übereinstimmenden Quizze gefunden
Verteilung der Resultate
Anzahl Personen mit jedem Resultat
Perzentil nach korrekt beantworteten Fragen
Ihre Resultats-Entwicklung
Sie haben dieses Quiz noch nicht gespielt